| 000 | 00617nam a2200217 a 4500 | ||
|---|---|---|---|
| 005 | 20250307063816.0 | ||
| 008 | 991125s1987 es 000 0 spa u | ||
| 020 | _a8475226302 | ||
| 035 | _aUPN01000003984 | ||
| 049 | _aCG | ||
| 050 | 4 |
_aBF455 _bP6.3 |
|
| 100 | 1 |
_aPozo Municio, Juan Ignacio _929582 |
|
| 245 | 1 | 0 |
_aAprendizaje de la ciencia y pensamiento causal / _cJuan Ignacio Pozo. |
| 260 |
_aMadrid : _bVisor, _c1987. |
||
| 300 | _a271 p. | ||
| 440 | 0 |
_aAprendizaje ; _v30 |
|
| 650 | 4 |
_aCiencia _xEstudio y enseƱanza _96354 |
|
| 650 | 4 |
_aInvestigación _97412 |
|
| 650 | 4 |
_aPensamiento _95399 |
|
| 905 | _aLibro | ||
| 999 |
_c3984 _d3984 |
||